Normal view
MARC view
- Farnfield, Carolyn A.
Entry Personal Name
001 - CONTROL NUMBER
- control field: 7372
003 - CONTROL NUMBER IDENTIFIER
- control field: OSt
005 - DATE AND TIME OF LATEST TRANSACTION
- control field: 20170523160326.0
008 - FIXED-LENGTH DATA ELEMENTS
- fixed length control field: 170523|| aca||aabn | a|a d
040 ## - CATALOGING SOURCE
- Original cataloging agency: OSt
- Transcribing agency: OSt
100 ## - HEADING--PERSONAL NAME
- Personal name: Farnfield, Carolyn A.
670 ## - SOURCE DATA FOUND
- Source citation: Work cat.: (OSt)0: Textile Institute. The Textile Terms and Definitions Committee 7370, Textile terms and definitions /, 1975.

PORTAL AKMAL
E-MEL JKDM
AKMAL2U
G-BAM
u-PUSTAKA